00542nam a22001697a 4500008004100000040005500041080001100096100001800107245011600125260004700241300001100288490003200299500000600331650001500337653001400352700000600366230705b |||||||| |||| 00| 0 eng d aNational Science LibrarycNational Science Library aHD1131 aJohnson, M S  aInventory of the southern coastal plain pine forests, Belizec/ Ministry of Overseas Development Administration aEngland: bLand Resources Division, c1974 a183p.  aLand resources study no.15  a  aGeography  aResources a